MARC

Tag First Indicator Second Indicator Subfields
LEADER 00000cam a2200000 i 4500
001 in00000044303
005 20151007071054.0
008 750903m19759999nyua b 10110 eng
010 |a  75029370  
020 |a 0121975010 (v. 1) 
035 |a (OCoLC)01676266 
035 |9 AAE5265AM 
040 |a DLC  |c DLC  |d CHS  |d TXA  |d UtOrBLW 
049 |a TXAM  |c 1  |v 1 [1398332]  |v 2 [1417463]  |c 2  |v 1 [1115380]  |v 2 [1115381] 
050 0 0 |a GC96  |b .I57 1973 
082 0 |a 551.4/609 
096 |a GC 96 I61e 1973 
111 2 |a International Estuarine Research Conference  |n (2nd :  |d 1973 :  |c  Myrtle Beach, S.C.) 
245 1 0 |a Estuarine research /  |c edited by L. Eugene Cronin. 
264 1 |a New York :  |b Academic Press,  |c 1975- 
300 |a volumes :  |b illustrations ;  |c 24 cm. 
336 |a text  |b txt  |2 rdacontent 
337 |a unmediated  |b n  |2 rdamedia 
338 |a volume  |b nc  |2 rdacarrier 
500 |a Papers presented at a conference held by the Estuarine Research Federation and cosponsored by the American Society of Limnology and Oceanography and the Estuarine and Brackish Water Sciences Association. 
504 |a Includes bibliographies and index. 
505 0 |a v. 1. Chemistry, biology, and the estuarine system.--v. 2. Geology and engineering. 
650 0 |a Estuaries  |x Congresses. 
650 0 |a Estuarine oceanography  |x Congresses. 
650 0 |a Estuarine biology  |x Congresses. 
650 2 |a Water  |x congresses. 
650 2 |a Seawater  |x congresses. 
650 2 |a Marine Biology  |x congresses. 
700 1 |a Cronin, L. Eugene  |q (Lewis Eugene),  |d 1917- 
710 2 |a Estuarine Research Federation. 
710 2 |a American Society of Limnology and Oceanography. 
710 2 |a Estuarine and Brackish-water Sciences Association. 
999 |a MARS 
999 f f |s 4aa96c2d-6b9a-37ae-982a-5fd8337f1385  |i 941e6e55-feeb-3e3c-b22e-9510d6c5b234  |t 0 
952 f f |p normal  |a Texas A&M University  |b Galveston Campus  |c Jack K. Williams Library  |d Galveston Stacks  |t 0  |e GC 96 .I57 1973  |h Library of Congress classification  |i unmediated -- volume  |k v.2  |m 33620001103064 
952 f f |p normal  |a Texas A&M University  |b Galveston Campus  |c Jack K. Williams Library  |d Galveston Stacks  |t 0  |e GC 96 .I57 1973  |h Library of Congress classification  |i unmediated -- volume  |k v.1  |m 33620001103056 
998 f f |a GC 96 .I57 1973  |s v.2  |t 0  |l Galveston Stacks